Statistics for Countries that Start with /k/ (phonetically)

Click here to take the quiz!

General Stats

  • This quiz has been taken 31 times
  • The average score is 13 of 16

Answer Stats

Answer % Correct
Kenya
97%
Canada
97%
Cambodia
93%
Cameroon
93%
Kosovo
90%
Cuba
87%
Kazakhstan
87%
Colombia
87%
Kyrgyzstan
83%
Costa Rica
80%
Kiribati
80%
Comoros
80%
Kuwait
80%
Cape Verde
73%
Croatia
70%
Qatar
57%

Score Distribution

Percentile by Number Answered

Percent of People with Each Score

Your Score History

You have not taken this quiz